000
00287nam a2200097Ia 4500
082
_a
920|JACK
245
0
_a
Jackers : a life in cricket
100
_a
Jackman, Robin Cape Town, South Africa, 2011 1st ed
_9
50137
942
_c
BK
008
210817s9999 xx 000 0 und d
999
_c
161658
_d
161657